000 00323nam a22001457a 4500
008 210308b ||||| |||| 00| 0 eng d
020 _a0153623802
041 _aeng
080 _23th
_a541
082 _23th
_a541
100 _a12
101 _aKIM
245 _aConcepts in Chemistry
_cGreenstone,W.A
942 _2udc
_cBK
999 _c55951
_d55951